Canadian National Parks – Sudden Death - Statistics

General Stats
  • This quiz has been taken 28 times
  • The average score is 6 of 13
Answers on the Grid
Answers color-coded by a green-red scale on the quiz's grid according to % correct below.
Jasper
Banff
Bruce Peninsula
Confederation
Wood Buffalo
Laval
Cape Breton Highlands
Gros Morne
Gulf islands
Fundy
Avalon
Thousand Islands
Náátsʼihchʼoh
Mont Tremblant
Hudson Bay
Gaspesie
Blood Tribe
Canadian Shield
Niagara Falls
Tabernac
Yoho
Peggy's Cove
Lake Winnipeg
Prairies
 
Answer Stats
Answer % Correct
Banff
91%
Jasper
91%
Wood Buffalo
61%
Cape Breton Highlands
57%
Fundy
57%
Yoho
57%
Gros Morne
52%
Thousand Islands
48%
Bruce Peninsula
43%
Gulf islands
26%
Náátsʼihchʼoh
26%
Gaspesie
22%
Mont Tremblant
9%
No matching quizzes found
Score Distribution
Percent of People with Each Score
Percentile by Number Answered
Your Score History
You have not taken this quiz